000 00997cam a2200289 a 4500
999 _c487
_d487
001 4360045
003 ALUPE UNIVERSITY
005 20210614125504.0
008 900222s1990 enkab b 001 0 eng
010 _a 90006973
020 _a1852931183 :
040 _aDLC
_cDLC
_dDLC
043 _asa-----
050 0 0 _aHD466
_b.E34 1990
082 0 0 _aHD466
_220
_b.E34 1990
100 1 _aEden, M. J.
_q(Michael John)
245 1 0 _aEcology and land management in Amazonia /
_cMichael J. Eden.
260 _aLondon ;
_aNew York :
_bBelhaven Press,
_c1990.
300 _ax, 269 p. :
_bill., maps ;
_c24 cm.
504 _aIncludes bibliographical references (p. [218]-257) and index.
650 0 _aLand use
_xEnvironmental aspects
_zAmazon River Region.
650 0 _aEcology
_zAmazon River Region.
650 0 _aRain forest ecology
_zAmazon River Region.
906 _a7
_bcbc
_corignew
_d1
_eocip
_f19
_gy-gencatlg
942 _2lcc
_cBK
_nDO